Élimination par catégorie - Classique d'animation Disney - Statistiques

Statistiques générales
  • Ce quiz a été pris 23 425 fois
  • Le résultat moyen est 10 sur 20
Statistiques - réponses
Group # Category % Correct
Green 56 Film sans prise de vue réelles
91%
Blue 30 Film dont le personnage principal est un animal
83%
Orange 50 Film dont le titre comporte plusieurs mots
83%
Green 26 ... qui n'as pas de suite ou n'est pas une suite
78%
Blue 24 ... qui n'est ni un chien, ni un chat
77%
Orange 25 ... sans le prénom d'un personnage
75%
Purple 45 Film qui dure plus de 75 minutes
72%
Purple 33 ... mais moins de 100 minutes
62%
Blue 11 ... avec le nom du héros dans le titre
57%
Orange 11 ... sorti en 2000 ou après
55%
Green 16 ... avec un ou plusieurs animaux qui parlent
50%
Purple 21 ... qui se déroule dans le passé à sa sortie
50%
Orange 5 ... avec un personnage principal féminin
49%
Purple 6 ... qui contient 6 ou 7 chansons différentes
34%
Orange 1 ... et qui est une Princesse Disney La Princesse et la Grenouille
27%
Blue 3 ... sans aucun être humain
15%
Green 4 ... qui n'est pas inspiré d'une autre oeuvre
12%
Purple 1 et dont le personnage principal a un parent non-humain Hercule
12%
Blue 1 ... et avec un lion comme roi Robin des Bois
12%
Green 1 ... et qui se déroule dans un royaume Wish : Asha et la Bonne Étoile
3%
Aucun quiz correspondant
Distribution des résultats
% des personnes avec chaque résultat
Percentile par nombre de réponses
Votre historique - résultats
Vous n’avez pas pris ce quiz